<?xml version="1.0" encoding="UTF-8"?>
<record
    xmlns:xsi="http://www.w3.org/2001/XMLSchema-instance"
    xsi:schemaLocation="http://www.loc.gov/MARC21/slim http://www.loc.gov/standards/marcxml/schema/MARC21slim.xsd"
    xmlns="http://www.loc.gov/MARC21/slim">

  <leader>01430nam a22002657a 4500</leader>
  <controlfield tag="001">8850</controlfield>
  <controlfield tag="003">FISKH</controlfield>
  <controlfield tag="005">20260422160622.0</controlfield>
  <controlfield tag="008">251023b        cb ||||| |||| 00| 0 eng d</controlfield>
  <datafield tag="040" ind1=" " ind2=" ">
    <subfield code="a">FISKH</subfield>
    <subfield code="b">khr</subfield>
    <subfield code="c">FISKH</subfield>
    <subfield code="d">FISKH</subfield>
  </datafield>
  <datafield tag="082" ind1=" " ind2=" ">
    <subfield code="a">372.21</subfield>
  </datafield>
  <datafield tag="100" ind1=" " ind2=" ">
    <subfield code="a">Montenegro, Salvacion C. </subfield>
  </datafield>
  <datafield tag="245" ind1=" " ind2=" ">
    <subfield code="a">&#x178F;&#x17BE;&#x17A2;&#x17D2;&#x1793;&#x1780;&#x178E;&#x17B6;&#x1787;&#x17B6;&#x1782;&#x17D2;&#x179A;&#x17BC;&#x1794;&#x1784;&#x17D2;&#x179A;&#x17C0;&#x1793;&#x1781;&#x17D2;&#x1789;&#x17BB;&#x17C6;&#x1796;&#x17C1;&#x179B;&#x1785;&#x17BC;&#x179B;&#x179A;&#x17C0;&#x1793;&#x179C;&#x17B7;&#x1789; / </subfield>
    <subfield code="c">By Salvacion C. Montenegro </subfield>
  </datafield>
  <datafield tag="260" ind1=" " ind2=" ">
    <subfield code="c">2020.</subfield>
  </datafield>
  <datafield tag="300" ind1=" " ind2=" ">
    <subfield code="a">8 pages :</subfield>
    <subfield code="b">color illustrations ;</subfield>
    <subfield code="c">30 cm . </subfield>
  </datafield>
  <datafield tag="505" ind1=" " ind2=" ">
    <subfield code="a">J 
</subfield>
  </datafield>
  <datafield tag="520" ind1=" " ind2=" ">
    <subfield code="a">&#x1780;&#x17BB;&#x1798;&#x17B6;&#x179A;&#x1793;&#x17C5;&#x1780;&#x17D2;&#x1793;&#x17BB;&#x1784;&#x179A;&#x17BF;&#x1784;&#x1793;&#x17C1;&#x17C7;&#x1798;&#x17B6;&#x1793;&#x1780;&#x17B6;&#x179A;&#x1786;&#x17D2;&#x1784;&#x179B;&#x17CB;&#x1790;&#x17B6; &#x178F;&#x17BE;&#x1793;&#x179A;&#x178E;&#x17B6;&#x1793;&#x17B9;&#x1784;&#x1787;&#x17B6;&#x1782;&#x17D2;&#x179A;&#x17BC;&#x1794;&#x1784;&#x17D2;&#x179A;&#x17C0;&#x1793;&#x1782;&#x17B6;&#x178F;&#x17CB; &#x1793;&#x17C5;&#x1796;&#x17C1;&#x179B;&#x178A;&#x17C2;&#x179B;&#x1782;&#x17B6;&#x178F;&#x17CB;&#x178F;&#x17D2;&#x179A;&#x179B;&#x1794;&#x17CB;&#x1791;&#x17C5;&#x179F;&#x17B6;&#x179B;&#x17B6;&#x179C;&#x17B7;&#x1789; &#x1794;&#x1793;&#x17D2;&#x1791;&#x17B6;&#x1794;&#x17CB;&#x1796;&#x17B8;&#x1780;&#x17B6;&#x179A;&#x179A;&#x17B8;&#x1780;&#x179A;&#x17B6;&#x179B;&#x178A;&#x17B6;&#x179B;&#x1793;&#x17C3;&#x1787;&#x17C6;&#x1784;&#x17BA;&#x1780;&#x17BC;&#x179C;&#x17B8;&#x178A;&#x1794;&#x17B6;&#x1793;&#x1785;&#x1794;&#x17CB;&#x17D4;</subfield>
  </datafield>
  <datafield tag="520" ind1=" " ind2=" ">
    <subfield code="a">The children in this story wonders who will teach him when he returns to school after COVIDS has ended . </subfield>
  </datafield>
  <datafield tag="521" ind1="8" ind2=" ">
    <subfield code="a">480 
</subfield>
    <subfield code="b">Lexile estimate 
</subfield>
  </datafield>
  <datafield tag="521" ind1="8" ind2=" ">
    <subfield code="a">J 
</subfield>
    <subfield code="b">Raz-Plus 
</subfield>
  </datafield>
  <datafield tag="650" ind1=" " ind2=" ">
    <subfield code="a">&#x178F;&#x17BE;&#x17A2;&#x17D2;&#x1793;&#x1780;&#x178E;&#x17B6;&#x1787;&#x17B6;&#x1782;&#x17D2;&#x179A;&#x17BC;&#x1794;&#x1784;&#x17D2;&#x179A;&#x17C0;&#x1793;&#x1781;&#x17D2;&#x1789;&#x17BB;&#x17C6;&#x1796;&#x17C1;&#x179B;&#x1785;&#x17BC;&#x179B;&#x179A;&#x17C0;&#x1793;&#x179C;&#x17B7;&#x1789; ? </subfield>
    <subfield code="v">&#x179A;&#x17BF;&#x1784;&#x1793;&#x17B7;&#x1791;&#x17B6;&#x1793;&#x1780;&#x17BB;&#x1798;&#x17B6;&#x179A;</subfield>
  </datafield>
  <datafield tag="650" ind1=" " ind2=" ">
    <subfield code="v">Who will be my teacher when I return to school?</subfield>
    <subfield code="2">Children's Stories</subfield>
  </datafield>
  <datafield tag="942" ind1=" " ind2=" ">
    <subfield code="2">ddc</subfield>
    <subfield code="c">KHB</subfield>
    <subfield code="n">0</subfield>
  </datafield>
  <datafield tag="999" ind1=" " ind2=" ">
    <subfield code="c">8850</subfield>
    <subfield code="d">8850</subfield>
  </datafield>
  <datafield tag="952" ind1=" " ind2=" ">
    <subfield code="0">0</subfield>
    <subfield code="1">0</subfield>
    <subfield code="2">ddc</subfield>
    <subfield code="4">0</subfield>
    <subfield code="7">0</subfield>
    <subfield code="8">KH</subfield>
    <subfield code="a">002</subfield>
    <subfield code="b">002</subfield>
    <subfield code="c">TTP Khmer</subfield>
    <subfield code="d">2025-10-23</subfield>
    <subfield code="l">0</subfield>
    <subfield code="o">MON 372.21</subfield>
    <subfield code="p">2025-4713</subfield>
    <subfield code="r">2025-10-23 10:51:49</subfield>
    <subfield code="w">2025-10-23</subfield>
    <subfield code="y">KHB</subfield>
  </datafield>
</record>
